Компьютерная программа оптимизации холостых проходов и раскроя при лазерной резке листового материала; Приборы и системы. Управление, контроль, диагностика; № 10

Бібліографічні деталі
Parent link:Приборы и системы. Управление, контроль, диагностика: научно-технический и производственный журнал.— , 2000-
№ 10.— 2003.— С. 25-26
Автор: Макарчук Н. В.
Інші автори: Макарчук А. В., Пиль Э. А.
Мова:Російська
Опубліковано: 2003
Серія:Автоматизированные системы управления
Предмети:
Формат: MixedMaterials Частина з книги
KOHA link:https://koha.lib.tpu.ru/cgi-bin/koha/opac-detail.pl?biblionumber=388729

MARC

LEADER 00000naa2a2200000 4500
001 388729
005 20231101063802.0
035 |a (RuTPU)RU\TPU\prd\20224 
090 |a 388729 
100 |a 20031204a2003 k y0rusy50 ca 
101 0 |a rus 
102 |a RU 
200 1 |a Компьютерная программа оптимизации холостых проходов и раскроя при лазерной резке листового материала  |f Н. В. Макарчук, А. В. Макарчук, Э. А. Пиль 
225 1 |a Автоматизированные системы управления 
320 |a Библиогр.: 4 назв. 
461 1 |0 (RuTPU)RU\TPU\prd\1687  |t Приборы и системы. Управление, контроль, диагностика  |o научно-технический и производственный журнал  |d 2000- 
463 1 |0 (RuTPU)RU\TPU\prd\19396  |t № 10  |v С. 25-26  |d 2003 
610 1 |a компьютерные программы 
610 1 |a лазерная резка 
610 1 |a резка листов 
700 1 |a Макарчук  |b Н. В. 
701 1 |a Макарчук  |b А. В. 
701 1 |a Пиль  |b Э. А. 
801 1 |a RU  |b 63413507  |c 20031204  |g PSBO 
801 2 |a RU  |b 63413507  |c 20121008  |g RCR 
942 |c BK